| 000 | 00832nam a22002177a 4500 | ||
|---|---|---|---|
| 003 | OSt | ||
| 005 | 20180417173542.0 | ||
| 008 | 180417e201710 spca||| |||| 010 0dcat|d | ||
| 017 |
_aDL B 20430-2017 _bBiblioteca de Catalunya |
||
| 020 | _a9788416853120 | ||
| 040 |
_aES-BaBAB _bcat _cCDMR |
||
| 245 | 0 | 3 |
_aLa Brigada del vidre _b: cròniques del front (1936-1939) / _cMaria Campillo (ed.) |
| 260 |
_aBarcelona : _bL'Avenç, _c2017 |
||
| 300 |
_a237 pàgines : _bil·lustracions ; _c24 cm |
||
| 504 | _aInclou bibliografia | ||
| 650 | 4 |
_aRepublicanisme _zEspanya _xHistòria _y1936-1939, Guerra Civil |
|
| 650 | 7 |
_aRepublicanisme _zEspanya _xHistòria _xReculls d'escrits _2lemac |
|
| 651 | 7 |
_aEspanya _xHistòria _y1936-1939, Guerra Civil _xRelats personals _2lemac |
|
| 700 | 1 |
_aCampillo, Maria _d1953- _eeditor literari _91626 |
|
| 942 | _cMON | ||
| 999 |
_c7130 _d7130 |
||